AFL Port Adelaide Power Player Numbers - Statistics

General Stats
  • This quiz has been taken 24 times
  • The average score is 18 of 44
Answer Stats
Hint Answer % Correct
Connor Rozee 1
100%
Jase Burgoyne 7
90%
Zak Butters 9
80%
Ollie Wines 16
70%
Jason Horne-Francis 18
70%
Mitch Georgiades 19
70%
Sam Powell-Pepper 2
70%
Todd Marshall 4
70%
Miles Bergman 14
60%
Darcy Byrne-Jones 33
60%
Corey Durdin 44
60%
Jack Whitlock 17
50%
Aliir Aliir 21
50%
Logan Evans 22
50%
Jordan Sweet 24
50%
Willem Drew 28
50%
Ollie Lord 30
50%
Mani Liddy 50
50%
Kane Farrell 6
50%
Esava Ratugolea 27
40%
Joe Richards 35
40%
Dante Visentini 38
40%
Joe Berry 5
40%
Jackson Mead 3
30%
Lachie Jones 34
30%
Jack Watkins 37
30%
Xavier Walsh 45
30%
Josh Sinn 8
30%
Christian Moraes 11
20%
Jack Lukosius 12
20%
Ivan Soldo 13
20%
Jacob Wehr 15
20%
Will Brodie 23
20%
Brandon Zerk-Thatcher 25
20%
Ewan Mackinlay 31
20%
Harrison Ramm 32
20%
Jscob Moss 42
20%
Josh Lai 43
20%
Tom Cochrane 26
10%
Tom Anastasopoulos 29
10%
Will Lorenz 36
10%
Mitch Zadow 39
10%
Benny Barrett 40
10%
Balyn O'Brien 41
0%
No matching quizzes found
Score Distribution
Percent of People with Each Score
Percentile by Number Answered
Your Score History
You have not taken this quiz